<The> gender gap in Slovakia according to SILC data

Rodové rozdiely, rodová nerovnosť v Slovenskej republike. Štatistická analýza, prieskum EU-SILC. Dáta, podmienky a definície. Výsledky pivotnej analýzy. Multi-premenná grafická analýza. Analýza úrovne hrubej mesačnej mzdy mužov a žien na Slovensku.

Saved in:
Bibliographic Details
Main Author: Sipková, Ľubica, 1962-
Format: Book Chapter
Language:English
Subjects:
Tags: Add Tag
No Tags, Be the first to tag this record!

MARC

LEADER 00000naa$a2200000$$$4500
001 0121016
005 20240502072356.3
041 0 |a eng 
044 |a SK 
245 1 0 |a <The> gender gap in Slovakia according to SILC data  |c Ľubica Sipková 
520 |a Rodové rozdiely, rodová nerovnosť v Slovenskej republike. Štatistická analýza, prieskum EU-SILC. Dáta, podmienky a definície. Výsledky pivotnej analýzy. Multi-premenná grafická analýza. Analýza úrovne hrubej mesačnej mzdy mužov a žien na Slovensku. 
610 2 0 |a mzdy 
610 2 0 |a muži 
610 2 0 |a ženy 
610 2 0 |a nerovnosť rodová 
610 2 0 |a analýza štatistická 
610 2 0 |a Slovensko 
100 1 |a Sipková, Ľubica, 1962-